00774 2200289 4500001002100000005001700021008004100038020001800079035002400097040001500121082000800136082001000144090001500154090001700169100001200186245006700198250001800265260003000283300003100313500003100344650002700375700001500402850001200417990001500429990002000444990002000464YOGYA-0209000001687120090227022708.0 ind  a979-9246-52-0 0010-020900000016871 aYOPDYOG(B) a370 a370.9 a370bSuy W a370.9bSuy W aSUYANTO aWajah dan dinamika pendidikan anak bangsacSuyanto, M.S. Abbas aEd. 1, Cet. 1 aYogyakartabAdicitac2001 axiv, 2-03 hlmbilusc21 cm aBibliografi : hlm. 197-203 aPendidikan - Indonesia aABBAS, M.S aYOPDYOG a03P0003817 a6543-PD/A.05b1 a6544-PD/A.05b1